LEADER 03076nam 2200469 450 001 9910789307803321 005 20191120082942.0 035 $a(CKB)3580000000001723 035 $a(WaSeSS)IndRDA00062314 035 $a(Au-PeEL)EBL5693205 035 $a(CaPaEBR)ebr11655024 035 $a(OCoLC)1086047994 035 $a(FRCAIRNINFO)FRCAIRNINFO-MARD_ROSKA_2012_01 035 $a(MiAaPQ)EBC5693205 035 $a(PPN)25894711X 035 $a(EXLCZ)993580000000001723 100 $a20191120h20142011 uy 0 101 0 $afre 135 $aurcnu|||||||| 181 $ctxt$2rdacontent 182 $cc$2rdamedia 183 $acr$2rdacarrier 200 04$aLes enfants difficiles (3-8 ans) $ee?valuation, de?veloppement et facteurs de risque /$fsous la direction d'Isabelle Roskam 210 1$aWavre (Belgique) :$cMardaga,$d2014. 210 4$d©2011 215 $a1 online resource (288 p.) 225 1 $aPSY--e?valuation, mesure, diagnostic 311 $a2-8047-0097-6 311 $a2-8047-0229-4 330 $a Les comportements d'agitation, d'agressivité, d'opposition et de provocation ne sont pas rares chez les jeunes enfants. Lorsque leur fréquence ou leur intensité dépasse un certain seuil, ces enfants qualifiés de difficiles posent question tant à leurs parents qu'à leurs enseignants et éducateurs. Comment faire pour évaluer les enfants précocement ? Comment identifier ceux pour qui une intervention s'impose ? Ces troubles du comportement tendent-ils à perdurer ? Quels sont les facteurs de risque associés à ces difficultés ? Comment agir sur les troubles eux-mêmes et comment prévenir l'apparition de troubles secondaires ? Cet ouvrage est le fruit d'une étroite collaboration entre chercheurs et cliniciens confrontés à ces enfants et à la souffrance de leurs proches. Pour aborder ces questions et y apporter des réponses, les auteurs s'appuient sur un vaste programme de recherche auquel des centaines d'enfants et de familles ont participé. Trois annexes complètent leur travail : une liste de jeux, une liste de livres à utiliser en séance avec les enfants et enfin un lexique des termes spécialisés. Public cible : l'ouvrage s'adresse en priorité aux professionnels qui ?uvrent quotidiennement auprès de ces enfants difficiles, de leurs parents et de leur fratrie : les cliniciens, les éducateurs et les enseignants principalement. Ont collaboré à la réalisation de cet ouvrage : Dominique Charlier-Mikolajczak, Philippe Kinoo, Céline Massy, Jean-Christophe Meunier, Marie-Cécile Nassogne, Marie-Pascale Noël, Christel Regaert, Marie-Anne Schelstraete, Marie Stievenart, Gaëlle Van De Moortele et Céline Van Schendel. 410 0$aPSY--e?valuation, mesure, diagnostic. 606 $aProblem children 615 0$aProblem children. 676 $a649.153 702 $aRoskam$b Isabelle 801 0$bMiAaPQ 801 1$bMiAaPQ 801 2$bMiAaPQ 906 $aBOOK 912 $a9910789307803321 996 $aLes enfants difficiles (3-8 ans)$93831226 997 $aUNINA LEADER 03319nam 2200541 a 450 001 9911006681403321 005 20200520144314.0 010 $a1-282-75509-9 010 $a9786612755095 010 $a1-282-01382-3 010 $a9786612013829 010 $a0-8155-1687-8 035 $a(CKB)111056552536440 035 $a(EBL)428519 035 $a(OCoLC)476273852 035 $a(MiAaPQ)EBC428519 035 $a(EXLCZ)99111056552536440 100 $a19950601d1995 uy 0 101 0 $aeng 135 $aur|n|---||||| 181 $ctxt$2rdacontent 182 $cc$2rdamedia 183 $acr$2rdacarrier 200 10$aDiamond chemical vapor deposition $enucleation and early growth stages /$fby Huimin Liu and David S. Dandy 210 $aPark Ridge, N.J. $cNoyes Publications$dc1995 215 $a1 online resource (207 p.) 300 $aDescription based upon print version of record. 311 $a0-08-094618-6 311 $a0-8155-1380-1 320 $aIncludes bibliographical references (p. 160-182) and index. 327 $aFront Cover; Diamond Chemical Vapor Deposition: Nucleation and Early Growth Stages; Copyright Page; Contents; Chapter 1 General Introduction; Chapter 2 Atomic and Crystal Structures of Diamond; Chapter 3 Diamond CVD Techniques; 1.0 HOT-FILAMENT CVD; 2.0 PLASMA-ASSISTED CVD; 3.0 FLAME CVD; 4.0 GENERAL CHARACTERISTICS OF DIAMOND CVD PROCESSES; 5.0 SUMMARY; Chapter 4 Diamond Nucleation Mechanisms; 1.0 HOMOGENEOUS NUCLEATION-GAS-PHASE NUCLEATION; 2.0 HETEROGENEOUS NUCLEATION-SURFACE NUCLEATION; 3.0 SUMMARY; Chapter 5 Diamond Epitaxy, Oriented Growth, and Morphology Evolution; 1.0 EPITAXY 327 $a2.0 ORIENTED AND TEXTURED GROWTH3.0 MORPHOLOGY EVOLUTION; 4.0 SUMMARY; Chapter 6 Effects of Surface Conditions on Diamond Nucleation; 1.0 SUBSTRATE MATERIALS; 2.0 SURFACE PRETREATMENT METHODS AND NUCLEATION ENHANCEMENT MECHANISMS; 3.0 SUMMARY; Chapter 7 Effects of Deposition Conditions on Diamond Nucleation; 1.0 SUBSTRATE TEMPERATURE; 2.0 GAS-PHASE ACTIVATION; 3.0 GAS PRESSURE AND FLOW RATE; 4.0 GAS COMPOSITION; 5.0 OXYGEN ADDITION; 6.0 SUMMARY; Chapter 8 Theoretical and Modeling Studies on Diamond Nucleation; 1.0 IDENTIFICATION OF NUCLEATION AND GROWTH MODE 327 $a2.0 THEORETICAL STUDIES ON NUCLEATION THERMODYNAMICS3.0 THEORETICAL MODELING OF NUCLEATION KINETICS; 4.0 CLUES OF STRUCTURE, CHEMISTRY, AND SIZE OF DIAMOND NUCLEI; 5.0 SUMMARY; References 330 $aThis book presents an updated, systematic review of the latest developments in diamond CVD processes, with emphasis on the nucleation and early growth of diamond CVD. The objective is to familiarize the reader with the scientific and engineering aspects of diamond CVD, and to provide experiences researchers, scientists, and engineers in academia and industry with the latest developments in this growing field. 606 $aDiamonds, Artificial 606 $aChemical vapor deposition 615 0$aDiamonds, Artificial. 615 0$aChemical vapor deposition. 676 $a666/.88 700 $aLiu$b Huimin$f1961-$0545699 701 $aDandy$b David S$01822906 801 0$bMiAaPQ 801 1$bMiAaPQ 801 2$bMiAaPQ 906 $aBOOK 912 $a9911006681403321 996 $aDiamond chemical vapor deposition$94389338 997 $aUNINA